000 00857nam a22002297a 4500
005 20120423110822.0
008 120423t xxu||||| |||| 00| 0 eng d
010 _aENG-105039
020 _a9788181522900
_c695.00
035 _aEN-88572
037 _bDBAD/PUB
040 _aDPL
_bEng
082 _a883.08
100 _945189
_aSheoran, Jyoti
245 _aMulk Raj Anand and Charles Dickens :
_cby Jyoti Sheoran
_ba comparative study /
260 _aJaipur
_bBook Enclave
_c2010
270 _aJain Bhawan, Opp. N.E.I., Shanti Nagar
_bJaipur
_e302006
300 _aviii,214p.
_c22cm(Hb)
500 _aIncludes bibliographical references
942 _2ddc
_cEN
_mSHE
_h883.08
999 _c65429
_d65429